Innsbruck Staraßenbahn (inkl. HBB) - Statistiken

Allgemein
  • Dieses Quiz wurde 26 mal gespielt
  • Das Durchschnittsergebnis liegt bei 44 aus 84
Antwortstatistiken
Haltestellen % Korrekt
Hauptbahnhof
95%
Hauptbahnhof
95%
Maria-Theresien-Straße
84%
Maria-Theresien-Straße
84%
Maria-Theresien-Straße
84%
Sillpark
84%
Sillpark
84%
Anichstraße/Rathausgalerien
79%
Anichstraße/Rathausgalerien
79%
Landesmuseum
79%
Landesmuseum
79%
Landesmuseum
79%
Amras
74%
Bergisel
74%
Leipziger Platz
74%
Leipziger Platz
74%
Museumstraße
74%
Museumstraße
74%
Museumstraße
74%
Technik
74%
Terminal Marktplatz
74%
Terminal Marktplatz
74%
Terminal Marktplatz
74%
Triumphpforte/Casino
74%
Triumphpforte/Casino
74%
Klinik/Universität
68%
Peerhofsiedlung
63%
Bürgerstraße
58%
Bürgerstraße
58%
EKZ West
58%
Lohbachsiedlung Ost
58%
Lohbachsiedlung West
58%
Mühlauer Brücke
58%
Rennerschule
58%
Technik West
58%
Höttinger Auffahrt
53%
Pauluskirche
53%
Radetzkystraße
53%
Rum Bahnhof
53%
Westbahnhof
53%
Bundesbahndirektion
47%
Claudiaplatz
47%
Defreggerstraße
47%
Franz-Fischer-Straße
47%
Fürstenweg
47%
Jugendherberge
47%
Maximilianstraße
47%
Messe/Zeughaus
47%
Mitterhoferstraße
47%
Pradler Friedhof
47%
Sonnpark
47%
Stubaitalbahnhof
47%
Südring
47%
Vögelebichl
47%
Brunecker Straße/BFI
42%
Cineplexx
42%
Gabelsbergerstraße
42%
Hochhaus Schützenstraße
42%
Igls Bahnhof
42%
Ing.-Etzel-Straße
42%
Lanser See
42%
Piuskirche
42%
Schützenstraße
42%
Alois-Lugger-Platz
37%
Bretterkeller
37%
Luis-Zuegg-Straße
37%
Dr.-Glatz-Straße
32%
Lahntalweg
32%
Philippine-Welser-Straße
32%
Station Alpenzoo
32%
Station Congress
32%
Station Hungerburg
32%
Aldrans
26%
Haydnplatz
26%
Roßbachstraße
26%
Schönruh
26%
Station ORF Tirol
26%
Lans-Sistrans
21%
Mühlsee
21%
Neu-Rum Volksschule
21%
Tantegert
21%
Tummelplatz
21%
Neu-Rum Glungezerstraße
16%
Rudolf-Greinz-Straße
16%
Keine übereinstimmenden Quizze gefunden
Verteilung der Resultate
Anzahl Personen mit jedem Resultat
Perzentil nach korrekt beantworteten Fragen
Ihre Resultats-Entwicklung
Sie haben dieses Quiz noch nicht gespielt